Normal view
MARC view
- Fanstill P
Entry Personal Name
001 - CONTROL NUMBER
- control field: 111527
003 - CONTROL NUMBER IDENTIFIER
- control field: OSt
005 - DATE AND TIME OF LATEST TRANSACTION
- control field: 20230125044050.0
008 - FIXED-LENGTH DATA ELEMENTS
- fixed length control field: 230125|| aca||aabn | a|a d
040 ## - CATALOGING SOURCE
- Original cataloging agency: OSt
- Transcribing agency: OSt
100 ## - HEADING--PERSONAL NAME
- Personal name: Fanstill P
670 ## - SOURCE DATA FOUND
- Source citation: Work cat.: (OSt)88450: Fanstill P, MCAD/MCSD : Visual Basic.net XML web services and sever, 2003